000 00444nam a22001817a 4500
003 MPLRDC
005 20220104144251.0
008 210129b ||||| |||| 00| 0 eng d
020 _a957-99503-6-9
082 _a783.18 ZDS
100 _a中岛薰
245 _a我的成功, 全世界最有钱的单身汉
_c
250 _a初版
260 _a
_b传销世纪
_c1997
300 _b
650 _a日本传记
942 _cBK
_o783.18 ZDS
999 _c47957
_d47947